ბათუმის შოთა რუსთაველის სახელმწიფო უნივერსიტეტის ბიბლიოთეკა

Экономическая теория: (ბიბ.ჩანაწერი № 37247)

000 -LEADER
fixed length control field 00758nam a2200229Ia 4500
001 - CONTROL NUMBER
control field 3206
003 - CONTROL NUMBER IDENTIFIER
control field GE_BSU
005 - DATE AND TIME OF LATEST TRANSACTION
control field 20221101144126.0
008 - FIXED-LENGTH DATA ELEMENTS--GENERAL INFORMATION
fixed length control field 181216s1996ru xx |||||||||||||| ||rus||
020 ## - INTERNATIONAL STANDARD BOOK NUMBER
International Standard Book Number 569100055
040 ## - CATALOGING SOURCE
Transcribing agency GE_BSU
041 ## - LANGUAGE CODE
Language code of text/sound track or separate title rus
080 ## - UNIVERSAL DECIMAL CLASSIFICATION NUMBER
Universal Decimal Classification number 330.1(075.8) Ш-65
100 ## - MAIN ENTRY--PERSONAL NAME
Personal name Шишкин, А.Ф.
9 (RLIN) 15692
245 ## - TITLE STATEMENT
Title Экономическая теория:
Remainder of title Учебное посбие для вузов. В-2 кн. кн :1
Statement of responsibility, etc. А.Ф. Шишкин.
260 ## - PUBLICATION, DISTRIBUTION, ETC.
Name of publisher, distributor, etc. 2-е изд.:
264 ## - PRODUCTION, PUBLICATION, DISTRIBUTION, MANUFACTURE, AND COPYRIGHT NOTICE
Place of production, publication, distribution, manufacture Москва :
Name of producer, publisher, distributor, manufacturer Центр Владос,
Date of production, publication, distribution, manufacture, or copyright notice 1996.
300 ## - PHYSICAL DESCRIPTION
Extent 656 ст.
Other physical details илл.
653 ## - INDEX TERM--UNCONTROLLED
keyword Экономическая теория:
653 ## - INDEX TERM--UNCONTROLLED
keyword ეკონომიკური თეორია
942 ## - ADDED ENTRY ELEMENTS (KOHA)
Koha item type წიგნი
Source of classification or shelving scheme
ეგზემპლარები
Withdrawn status Lost status Source of classification or shelving scheme Damaged status Not for loan Permanent Location Current Location Shelving location Date acquired Cost, normal purchase price Full call number Barcode Date last seen Copy number Price effective from Koha item type Public note
          ბათუმის შოთა რუსთაველის სახელმწიფო უნივერსიტეტის მთავარი ბიბლიოთეკა ბათუმის შოთა რუსთაველის სახელმწიფო უნივერსიტეტის მთავარი ბიბლიოთეკა წიგნსაცავი 2018-12-17 15.00 330.1(075.8) Ш-65 7770 2018-12-17 7770 2018-12-17 წიგნი 15.00
          ბათუმის შოთა რუსთაველის სახელმწიფო უნივერსიტეტის მთავარი ბიბლიოთეკა ბათუმის შოთა რუსთაველის სახელმწიფო უნივერსიტეტის მთავარი ბიბლიოთეკა წიგნსაცავი 2018-12-17 15.00 330.1(075.8) Ш-65 7769 2018-12-17 7769 2018-12-17 წიგნი 15.00
          ბათუმის შოთა რუსთაველის სახელმწიფო უნივერსიტეტის მთავარი ბიბლიოთეკა ბათუმის შოთა რუსთაველის სახელმწიფო უნივერსიტეტის მთავარი ბიბლიოთეკა წიგნსაცავი 2018-12-17 15.00 330.1(075.8) Ш-65 8093 2018-12-17 8093 2018-12-17 წიგნი 15.00
          ბათუმის შოთა რუსთაველის სახელმწიფო უნივერსიტეტის მთავარი ბიბლიოთეკა ბათუმის შოთა რუსთაველის სახელმწიფო უნივერსიტეტის მთავარი ბიბლიოთეკა წიგნსაცავი 2018-12-17 15.00 330.1(075.8) Ш-65 8094 2018-12-17 8094 2018-12-17 წიგნი 15.00
          ბათუმის შოთა რუსთაველის სახელმწიფო უნივერსიტეტის მთავარი ბიბლიოთეკა ბათუმის შოთა რუსთაველის სახელმწიფო უნივერსიტეტის მთავარი ბიბლიოთეკა წიგნსაცავი 2018-12-17 15.00 330.1(075.8) Ш-65 8095 2018-12-17 8095 2018-12-17 წიგნი 15.00